Carregando...
Text book of Cost Accounting
| Autor principal: | |
|---|---|
| Formato: | Printed Book |
| Publicado em: |
Allahabad
Kitab mahal
2010
|
| Edição: | 1 |
| Assuntos: |
| LEADER | 00503nam a22001697a 4500 | ||
|---|---|---|---|
| 003 | OSt | ||
| 020 | |a 9788122504422 | ||
| 082 | |a 657.42 |b UME/CO | ||
| 100 | |a Umesh Maiya | ||
| 245 | |a Text book of Cost Accounting | ||
| 250 | |a 1 | ||
| 260 | |a Allahabad |b Kitab mahal |c 2010 | ||
| 300 | |a 357p. | ||
| 650 | |a Accounting | ||
| 942 | |2 ddc |c BK | ||
| 999 | |c 190278 |d 190278 | ||
| 952 | |0 0 |1 0 |2 ddc |4 0 |6 657_420000000000000_UME_CO |7 0 |8 NFIC |9 196525 |a KAUCBV |b KAUCBV |c CHILD |d 2017-11-17 |g 150.00 |o 657.42 UME/CO |r 2017-11-17 |w 2017-11-17 |y BK | ||